Giáo trình marketing quốc tế : Chuyên ngành Nghiệp vụ xuất nhập khẩu

Giáo trình trình bày tổng quan về Marketing; Môi trường kinh doanh và thị trường quốc tế; Lựa chọn, xâm nhập và mở rộng thị trường quốc tế; Chính sách sản phẩm trong kinh doanh xuất khẩu; Chính sách giá trong kinh doanh xuất khẩu; Chính sách...

Descrizione completa

Salvato in:
Dettagli Bibliografici
Autore principale: Nguyễn, Văn Minh
Natura: Libro
Lingua:Undetermined
Pubblicazione: Hà Nội Nhà xuất bản Hà Nội 2006
Soggetti:
Tags: Aggiungi Tag
Nessun Tag, puoi essere il primo ad aggiungerne! !
Thư viện lưu trữ: Trung tâm Học liệu Trường Đại học Cần Thơ
LEADER 01167nam a2200217Ia 4500
001 CTU_112734
008 210402s9999 xx 000 0 und d
020 |c 18500 
082 |a 658.84 
082 |b M312 
100 |a Nguyễn, Văn Minh 
245 0 |a Giáo trình marketing quốc tế : 
245 0 |b Chuyên ngành Nghiệp vụ xuất nhập khẩu 
245 0 |c Nguyễn Văn Minh 
260 |a Hà Nội 
260 |b Nhà xuất bản Hà Nội 
260 |c 2006 
520 |a Giáo trình trình bày tổng quan về Marketing; Môi trường kinh doanh và thị trường quốc tế; Lựa chọn, xâm nhập và mở rộng thị trường quốc tế; Chính sách sản phẩm trong kinh doanh xuất khẩu; Chính sách giá trong kinh doanh xuất khẩu; Chính sách phân phối trong kinh doanh xuất khẩu; Chính sách xúc tiến thương mại trong hoạt động xuất khẩu. 
650 |a International economic integration,Export marketing 
904 |i Minh 
980 |a Trung tâm Học liệu Trường Đại học Cần Thơ